000 00489nam a22001937i 4500
001 5863
003 OSt
005 20170126082350.0
007 tu
008 161220s1988 xxu||||| |||| 00| 0 d
022 _a0070-8712
024 7 _a5863
_2RID
024 7 _a5863
_2RSN (alt)
040 _cOSt
245 0 0 _aEconomic Survey of Europe in 1987-1988
260 _aNew York :
_bUnited Nations Publications,
_c1988.
490 _aEconomic Survey of Europe
_v1
110 2 _aEconomic Commission for Europe
942 _cB
999 _c5579
_d5579